logo

Bir Sreshtho Munshi Abdur Rouf Library
Jhenaidah Cadet College

Differential Calculus : (Record no. 6353)

MARC details
000 -LEADER
fixed length control field 00648nam a2200241 a 4500
001 - CONTROL NUMBER
JCCL Control Number 6353
003 - CONTROL NUMBER IDENTIFIER
JCCL marc code BD-JhCC
005 - DATE AND TIME OF LATEST TRANSACTION
control field 20220201134022.0
008 - FIXED-LENGTH DATA ELEMENTS--GENERAL INFORMATION
fixed length control field 180121s1999 ii |||| |||| 000 0 eng d
035 ## - SYSTEM CONTROL NUMBER
system control number (BD-JhCC)6353
040 ## - CATALOGING SOURCE
Original cataloging agency BD-JhCC
Modifying agency BD-JhCC
041 ## - LANGUAGE CODE
Language code of Book eng
082 ## - DEWEY DECIMAL CLASSIFICATION NUMBER
Classification number 515.8
Author mark and Year DAS 1999
100 ## - MAIN ENTRY--PERSONAL NAME
Personal name Das, B. C.
245 ## - TITLE STATEMENT
Title Differential Calculus :
Remainder of title For Degree Cours /
Statement of responsibility, etc B. C. Das & B. N. Mukherjee
250 ## - EDITION STATEMENT
Edition statement 22nd Edi.
260 ## - PUBLICATION, DISTRIBUTION, ETC. (IMPRINT)
Place of publication, distribution, etc Calcutta :
Name of publisher, distributor, etc U. N. Dhur & Sons, Private Ltd.
Date of publication, distribution, etc 1999.
300 ## - PHYSICAL DESCRIPTION
Pagination 475 p. :
Dimensions 18 cm.
650 ## - SUBJECT ADDED ENTRY--TOPICAL TERM
Topical term or geographic name as entry element Differential Calculus
700 ## - ADDED ENTRY--PERSONAL NAME
Personal name Mukherjee B. N.
942 ## - ADDED ENTRY ELEMENTS (KOHA)
Source of classification or shelving scheme Dewey Decimal Classification
Koha item type Books
Koha issues (borrowed), all copies 1
Holdings
Source of classification or shelving scheme Damaged status Not for loan Home library Current library Shelving location Date of accession Cost, normal purchase price Total Checkouts Full call number Barcode Date last seen Date checked out Copy number Koha item type
Dewey Decimal Classification     JCC Rouf Library JCC Rouf Library General Stacks 01/21/2018 75.00 2 515.8 DAS 1999 8790 11/24/2022 10/27/2022 C-1 Books

JCC Library | Contacts | JCC Home

Last Update on 23 September 2017
Copyright @ 2017-2020 JCC Rouf Library
Rouf Library, Jhenidah Cadet College (JCC), Bangladesh